Statistics for Top 50 NFL Players of All-Time

Click here to take the quiz!

General Stats

  • This quiz has been taken 65 times
  • The average score is 20 of 50

Answer Stats

Player% Correct
Tom Brady
96%
Jerry Rice
93%
Peyton Manning
78%
Aaron Rodgers
74%
Bruce Smith
70%
Calvin Johnson
70%
Emmitt Smith
70%
Randy Moss
70%
Barry Sanders
67%
Dan Marino
67%
Deion Sanders
67%
Drew Brees
67%
Joe Montana
67%
Lawrence Taylor
67%
Jim Brown
63%
Walter Payton
59%
Ed Reed
48%
John Elway
48%
Ray Lewis
48%
Reggie White
48%
Terrell Owens
48%
Mean Joe Greene
44%
Deacon Jones
41%
Dick Butkus
41%
Johnny Unitas
37%
Tony Gonzalez
37%
LaDainian Tomlinson
33%
Marvin Harrison
33%
Ronnie Lott
33%
Aaron Donald
30%
Adrian Peterson
30%
Rob Gronkowski
30%
Roger Staubach
30%
Troy Polamalu
26%
Eric Dickerson
22%
Larry Allen
22%
Otto Graham
22%
Anthony Munoz
19%
Sammy Baugh
19%
Dick Lane
15%
Jim Otto
15%
Mel Blount
15%
Steve Largent
15%
Bob Lilly
11%
Don Hutson
11%
Merlin Olsen
7%
Ray Nitschke
4%
Art Shell
0%
Forrest Gregg
0%
Gino Marchetti
0%

Score Distribution

Percentile by Number Answered

Percent of People with Each Score

Your Score History

You have not taken this quiz